Регионална библиотека "Любен Каравелов" - Русе

Chesky Records [CD аудио] (Запис номер 216607)

MARC детайли
000 -Лидер
Контролно поле с фиксирана дължина 00909njm a2200301 c 4500
003 - Код на организацията, давaща контролен номер
Контролно поле BLK
005 - Дата и час на последна редакция
Контролно поле 20180421002253.0
008 - Елементи от данни с фиксирана дължина
fixed length control field 180410b bul||n||s|||||||| n|bulo|
010 ## - Наследен системен номер
LC control number CDD00000516000
040 ## - Източник на каталожния запис
Идентификатор на билиотеката - собственик на записа BLK
041 ## - Код за език
Код за езика на текст/звукозапис или на отделно заглавие Английски
Код за езика КДБФ Английски
080 ## - УДК
Текстов определител УДК Салонни и танцови оркестри. Естраден оркестър. Джаз. Рок
УДК код - определител по УДК 785.161
УДК определител
УДК - код + определител 785.161
139 ## - Редно поле
Редна дума Chesky Records [CD аудио]
Авторски знак Che - C 51
245 10 - Сведения за заглавието
Заглавие Chesky Records [CD аудио]
257 ## - Страна на издаване
Страна на създаване/издаване Германия
260 ## - Област на издателските данни
-- S. l.
Име на издателя, разпространителя и проч. Chesky Rec.
Година на издаване 1999
300 ## - Физическа характеристика
Размери/Мащаб 12 cm.
Тип мерна единица бр. в к-т
Количество на мерната единица 1 CD
306 ## - Продължителност на изпълнението
Времетраене 43мин. 20сек.
380 ## - Жанр
Жанр Изкуство
500 ## - Общи забележки
Забележка Прил. към сп. Stereo, 10/1999
650 #4 - Допълнително описание по предмет – тема
Основно описание – тема или топоним Джаз
9 (RLIN) 153283
653 ## - Ключова дума – ненормативна
Ключова дума джаз
852 ## - Местоположение
Форматна сигнатура Цб CD 1966
Част 0
856 4# - Електронен адрес и достъп
Електронен формат pdf - файл
Път до файла /url/
856 4# - Електронен адрес и достъп
Електронен формат pdf - файл
Път до файла /url/
942 ## - АРТИКУЛИ
Вид на библиотечния материал Компактдискове
Скрит в OPAC Не
944 ## - СЪЗДАВАНЕ И РЕДАКЦИЯ на ЗАПИСА
Създаване/Редакция Създаване
Дата на регистрацията/редакция 27.10.2008
Служител, извършил регистрацията/редакцията Теодора_Стоянова
944 ## - СЪЗДАВАНЕ И РЕДАКЦИЯ на ЗАПИСА
Създаване/Редакция Редакция
Дата на регистрацията/редакция 27.10.2008
Служител, извършил регистрацията/редакцията
999 ## - СИСТЕМНИ КОНТРОЛНИ НОМЕРА
Koha biblionumber 216607
Koha biblioitemnumber 216607
Наличности
Код за отписване Код за изгубен артикул Източник на класификационната схема Код за повреда Коз за рестрикции Код за отдаване Артикулен № Име на библиотеката - собственик Име на библиотеката, в която се намира в момента Статус (Текущо местоположение) Дата на вписване в системата Местоположение - отдел Цена в лева Инвентарен номер Систематично азбучна сигнатура Баркод Номер на екземпляра Цена в евро Служебна бележка Служебен тип на артикула
  Не е изгубен Universal Decimal Classification Не е повреден без рестрикции заемане за дома 387976 Регионална библиотека "Любен Каравелов" Русе Регионална библиотека "Любен Каравелов" Русе Отдел Изкуство - подръчен фонд 1999-01-01 Отдел Изкуство - подръчен фонд 6.00 120000907625 78.036.9/C 51 120000907625 1 3.07 Дост: DA Вид: А Дата: 01.01.1999 Компактдискове
Vip Innovations Ltd, Rousse, Bulgaria 2025